Historia de las guerras ciuiles que ha auido en los estados de Flandes des del año 1559 hasta el de 1609 y las causas de la rebelion de dichos estados / (Record no. 152974)

MARC details
000 -LEADER
campo de control de longitud fija 01110nam a2200253 i 4500
001 - NÚMERO DE CONTROL
campo de control 152974
003 - IDENTIFICADOR DE NÚMERO DE CONTROL
campo de control ES-MaACL
005 - FECHA Y HORA DE LA ÚLTIMA TRANSACCIÓN
campo de control 20251011063141.0
008 - DATOS DE LONGITUD FIJA--INFORMACIÓN GENERAL
campo de control de longitud fija 931025s1625 be a |||| | spa d
040 ## - FUENTE DE CATALOGACIÓN
Centro catalogador/agencia de origen PAB
Lengua de catalogación spa
Centro/agencia transcriptor CCPB
100 1# - ENTRADA PRINCIPAL--NOMBRE DE PERSONA
Nombre de persona Carneiro, Antonio,
Fechas asociadas al nombre s. XVI
9 (RLIN) 35370
245 10 - MENCIÓN DEL TÍTULO
Título Historia de las guerras ciuiles que ha auido en los estados de Flandes des del año 1559 hasta el de 1609 y las causas de la rebelion de dichos estados /
Mención de responsabilidad, etc. recopilada y escrita por ... Antonio Carnero...
260 ## - PUBLICACIÓN, DISTRIBUCIÓN, ETC.
Lugar de publicación, distribución, etc. En Bruselas :
Nombre del editor, distribuidor, etc. en casa de Iuan de Meerbeque,
Fecha de publicación, distribución, etc. 1625.
300 ## - DESCRIPCIÓN FÍSICA
Extensión [8], 565 [i.e. 528], [6] p., [2] en bl. ;
Dimensiones Fol.
530 ## - NOTA DISPONIBLE DE FORMULARIO FÍSICO ADICIONAL
Nota de formato físico adicional disponible Disponible en formato digital.
597 ## - NOTA DE DESCRIPCIÓN FÍSICA
NOTA DE DESCRIPCIÓN FÍSICA Sign.:*4, A-Z6, 2A-2V6, 2X¹°.
597 ## - NOTA DE DESCRIPCIÓN FÍSICA
NOTA DE DESCRIPCIÓN FÍSICA Numerosos errores de pag.
597 ## - NOTA DE DESCRIPCIÓN FÍSICA
NOTA DE DESCRIPCIÓN FÍSICA Texto a dos col.
599 ## - NOTA A LAS ILUSTRACIONES
NOTA A LAS ILUSTRACIONES Port. grab. calc.
651 #0 - PUNTO DE ACCESO ADICIONAL DE MATERIA--NOMBRE GEOGRÁFICO
Nombre geográfico Países Bajos-
Subdivisión general Historia-
Subdivisión cronológica 1556-1648 (Guerras de la Independencia)
9 (RLIN) 241409
852 ## - LOCALIZACIÓN
Ubicación ES-MaACL
Número de control de estantería R-119
Nota libre - Enc. hol.
Encuadernación C-1807
856 ## - LOCALIZACIÓN Y ACCESO ELECTRÓNICOS
Identificador Uniforme de Recursos <a href="http://bdh-rd.bne.es/viewer.vm?id=0000078084&page=1 ">http://bdh-rd.bne.es/viewer.vm?id=0000078084&page=1 </a>
Nota pública Biblioteca Digital Hispánica
Holdings
Estatus retirado Estado de pérdida Estado de daño No para préstamo Colección Biblioteca de origen Biblioteca actual Ubicación en estantería Fecha de adquisición Fuente de adquisición Total de préstamos Signatura topográfica completa Código de barras Visto por última vez Precio de reemplazo Tipo de ítem Koha
        Colección digital Biblioteca del Ateneo de Madrid Biblioteca del Ateneo de Madrid Depósito 17/01/2008     R-119 1159807 23/02/2023 23/02/2023 Libro impreso antiguo